000 00733nam a2200229 4500
003 OSt
005 20240625071953.0
006 a
008 240625b |||||||| |||| 00| 0 eng d
020 _a9780071221320
040 _aDWCL-Main lib.
_cOC
082 _aCirc. 343.73 B665c 2011
100 _aPlotnik, Frederick L.
245 _aContracts and the legal environment for engineers & architects /
260 _aN.Y. :
_bMcGraw-Hill,
_cc2011.
300 _axxvii,
_b589 p. : ill. ;
_c23 cm.
504 _aIncludes index.
650 _a1. Engineering contracts-United States.
650 _a2. Architectural contracts-United States.
650 _a3. Construction contracts-United States.
942 _2ddc
_n0
_cBK-CIRC
_kCirc.
999 _c1330
_d1330